Jazykové schopnosti občanov Európskej únie

Výhody ovládania cudzích jazykov v európskom kontexte, ako aj priority jazykovej politiky EÚ. Výsledky mapovania jazykových kompetencií Európanov. Snaha Európskej Rady zaviesť Európsky indikátor jazykovej kompetencie, ktorý by priniesol spoľahlivé údaje ohľadom výsledkov vyučovania a učenia sa cudz...

Description complète

Enregistré dans:
Détails bibliographiques
Auteur principal: Molnárová, Božena
Autres auteurs: Prividiová, Eva, 1952-
Format: Chapitre de livre
Langue:slovaque
Sujets:
Tags: Ajouter un tag
Pas de tags, Soyez le premier à ajouter un tag!

MARC

LEADER 00000nla$a2200000$$$4500
001 0142735
005 20240502072546.7
041 0 |a slo 
044 |a SK 
245 1 0 |a Jazykové schopnosti občanov Európskej únie  |c Božena Molnárová, Eva Prividiová 
520 |a Výhody ovládania cudzích jazykov v európskom kontexte, ako aj priority jazykovej politiky EÚ. Výsledky mapovania jazykových kompetencií Európanov. Snaha Európskej Rady zaviesť Európsky indikátor jazykovej kompetencie, ktorý by priniesol spoľahlivé údaje ohľadom výsledkov vyučovania a učenia sa cudzích jazykov. 
610 2 0 |a jazyky cudzie 
610 2 0 |a Európska únia 
610 2 0 |a Európska rada 
100 1 |a Molnárová, Božena 
700 1 |a Prividiová, Eva, 1952-